logo

Bir Sreshtho Munshi Abdur Rouf Library
Jhenaidah Cadet College

Europe after De Gaulle: (Record no. 7384)

MARC details
000 -LEADER
fixed length control field 00825cam a2200289 4500
001 - CONTROL NUMBER
JCCL Control Number 7384
003 - CONTROL NUMBER IDENTIFIER
JCCL marc code BD-JhCC
005 - DATE AND TIME OF LATEST TRANSACTION
control field 20180418173113.0
008 - FIXED-LENGTH DATA ELEMENTS--GENERAL INFORMATION
fixed length control field 691121s1969 enk b 000 0 eng
035 ## - SYSTEM CONTROL NUMBER
system control number (BD-JhCC)7384
040 ## - CATALOGING SOURCE
Original cataloging agency DLC
Transcribing agency DLC
Modifying agency DLC
-- BD-JhCC
041 ## - LANGUAGE CODE
Language code of Book eng
050 00 - LIBRARY OF CONGRESS CALL NUMBER
Classification number D1060
Item number .P498
082 00 - DEWEY DECIMAL CLASSIFICATION NUMBER
Classification number 321/.02/094
Author mark and Year PIN 1969
100 1# - MAIN ENTRY--PERSONAL NAME
Personal name Pinder, John.
245 10 - TITLE STATEMENT
Title Europe after De Gaulle:
Remainder of title towards the United States of Europe /
Statement of responsibility, etc [by] John Pinder and Roy Pryce.
260 ## - PUBLICATION, DISTRIBUTION, ETC. (IMPRINT)
Place of publication, distribution, etc Harmondsworth,
Name of publisher, distributor, etc Penguin,
Date of publication, distribution, etc 1969.
300 ## - PHYSICAL DESCRIPTION
Pagination 191 p.
Dimensions 18 cm.
350 ## - PRICE (NR) (BK AM CF MU VM SE) [OBSOLETE]
Price 6/-
490 0# - SERIES STATEMENT
Series statement Penguin special
504 ## - BIBLIOGRAPHY, ETC. NOTE
Bibliography, etc Bibliographical footnotes.
650 #0 - SUBJECT ADDED ENTRY--TOPICAL TERM
Topical term or geographic name as entry element European federation.
651 #0 - SUBJECT ADDED ENTRY--GEOGRAPHIC NAME
Geographic name Europe
General subdivision Politics and government
Chronological subdivision 1945-
700 1# - ADDED ENTRY--PERSONAL NAME
Personal name Pryce, Roy,
942 ## - ADDED ENTRY ELEMENTS (KOHA)
Source of classification or shelving scheme Dewey Decimal Classification
Koha item type Books
Holdings
Source of classification or shelving scheme Damaged status Not for loan Home library Current library Shelving location Total Checkouts Full call number Barcode Date last seen Copy number Koha item type
Dewey Decimal Classification     JCC Rouf Library JCC Rouf Library General Stacks   321/.02/094 PIN 1969 10018 02/08/2018 C - 1 Books

JCC Library | Contacts | JCC Home

Last Update on 23 September 2017
Copyright @ 2017-2020 JCC Rouf Library
Rouf Library, Jhenidah Cadet College (JCC), Bangladesh